Équipes commençant par la lettre A - Statistiques

Statistiques générales
  • Ce quiz a été pris 124 fois
  • Le résultat moyen est 13 sur 20
Statistiques - réponses
Par images Réponse % Correct
Athletic Club
99%
AC Ajaccio
98%
AJ Auxerre
98%
Arsenal FC
98%
Atalanta Bergame
98%
Aston Villa
97%
Ajax Amsterdam
96%
Atlético de Madrid
95%
Angers SCO
88%
RSC Anderlecht
88%
AEK Athènes
62%
FC Augsbourg
60%
Deportivo Alavés
53%
UD Almería
49%
APOEL Nicosie
47%
Atlético Mineiro
23%
DSC Arminia Bielefeld
22%
Aberdeen FC
19%
FK Austria Vienne
16%
Athletico Paranaense
4%
Aucun quiz correspondant
Distribution des résultats
% des personnes avec chaque résultat
Percentile par nombre de réponses
Votre historique - résultats
Vous n’avez pas pris ce quiz